000 00623cam a22002291 4500
001 sa 67001646
003 DLC
005 20260227112324.0
008 890525s1965 ii ach 000 0 hino
010 _asa 67001646
035 _a(OCoLC)19765073
040 _aDLC
_cWaU
_dDLC
042 _apremarc
050 0 0 _aDS481.B55
_bB5
110 2 _aBiyāṇī Grantha Prakāśana Samiti.
245 0 0 _aBiyāṇījī : mitroṃ kī nazara meṃ.
260 _c[1965]
300 _a15, 432 p.
_billus., facsims., ports.
_c24 cm.
500 _aIn Hindi.
600 1 0 _aBiyani, Brajlal,
_d1895-
700 1 _aGupta, Ram Chandra.
999 _c72786
_d72786